000
00291nam a22001217a 4500
008
170605b xxu||||| |||| 00| 0 eng d
041
_a
eng
080
_a
94
100
_a
18
101
_a
SHH
245
_a
THE HISTORY AND LORE OF THE CELTS AND VIKINGS
_c
STONE.G.W
942
_2
udc
_c
BK
999
_c
15951
_d
15951